00601cam a22002171 4500001001300000003000400013005001700017008004100034010001700075035002000092040002600112042001200138050001500150060002300165100004500188245003900233260005200272300001100324650003100335999001700366med47000896 DLC20260227111601.0810725s1946 xx 000 0 eng  amed47000896  a(OCoLC)14750719 aDLCcDNLMdOCedCdDLC apremarc00aQP38b.B780 aQT 180bB877g 19461 aBrown, Arthur I.q(Arthur Isaac),d1897-10aGod's masterpieceb man's body ... aFindlay, Ohio,bFundamental truth pub.c[c1946] a352 p. 0aPhysiologyxPopular works. c38209d38209